000 00586nam a2200229Ia 4500
003 OSt
005 20240812151752.0
008 210210b1991 xxu||||| |||| 00| 0 eng d
020 _a81 7201 023 0
040 _cAL
041 _aEnglish
082 _a809.88914 SAHA
100 _aSAHITYA AKADEMI
_9176643
245 _aAbdul Haq: Makers of Indian literature
260 _aN D
_bSahitya Akademi
_c1991
300 _avi,83
650 _aAbdul Haq
_9176644
690 _aIndian Literature
_9176645
700 _aMukhtar-ud-Din Ahmad
_9176646
906 _a053767
942 _2ddc
_cBK
999 _c101379
_d101379